000 00519nam a2200193Ia 4500
001 17310
003 GE_BSU
008 181216s||||||||xx |||||||||||||| ||und||
040 _cGE_BSU
080 _a821.353.1-32
100 _aმჭედლიძე,ნანა
245 _aმხიარული მოთხრობები
260 _aთბილისი
260 _bმერანი
260 _c1981
300 _a138გვ.;16სმ
653 _aმოთხრობები
942 _cBK
999 _c50369
_d50369